00277nam a2200121Ia 4500008005000000041000800050082001100058100001600069245002400085260002500109300001400134440000700148240112s1969 JAN-JUNE xx 000 0 und d aeng a617.05 aMARTIN L.W. aARCHIVES OF SURGERY bA.M.Ac1969 JAN-JUNE a826,HBc1 v98